Complejidad y urbanizacin̤ sociocultural del tiempo libre

Bibliographic Details
Main Author: Garca̕ Ayala , Jos ̌Antonio
Format: eBook
Language:Spanish
Published: Mx̌ico D.F.: Plaza Valdš Editores, 2012
Subjects:
Online Access:Acceso restringido

MARC

LEADER 00000nam a22000007a 4500
005 20130809191923.0
007 cr|||| |||
008 130809s2012 mx |||||s|||| 00||0 spa d
020 |a 978-607-402-473-9 
035 |a 11464 
040 |a vLex 
090 |c 4479  |d 4479 
100 1 |a  Garca̕ Ayala , Jos ̌Antonio 
245 1 0 |a Complejidad y urbanizacin̤ sociocultural del tiempo libre  |h [Recurso electrn̤ico] /  |c Jos ̌Antonio Garca̕ Ayala  
256 |a Servicio en ln̕ea 
260 |a Mx̌ico D.F.:  |b Plaza Valdš Editores,  |c 2012 
300 |a 1 recurso electrn̤ico 
506 1 |a Contenido solo disponible en los productos indicados  |d vLex Global  |d vLex Global (Academic Edition, excluding Law Schools)  |d vLex Global (U.S. Academic Edition, Law Schools)  |d vLex Global (U.S. Academic Edition, excluding Law Schools)  |d vLex Global (Academic Edition, Law Schools) 
650 0 4 |a Sociologia  |z Mx̌ico 
740 0 |a vLex Libros (Servicio en ln̕ea) 
856 4 0 |u http://vlex.com/source/complejidad-urbanizacion-sociocultural-tiempo-libre-11464  |z Acceso restringido 
942 |c BOOK 
999 0 |a Sociology